Principle of economics
Saved in:
| Main Author: | |
|---|---|
| Format: | Book |
| Language: | English |
| Published: |
Vrinda Publications
2012
|
| Tags: |
Add Tag
No Tags, Be the first to tag this record!
|
MARC
| LEADER | 00000nam a22000007a 4500 | ||
|---|---|---|---|
| 008 | 201221b ||||| |||| 00| 0 eng d | ||
| 020 | |a 978-81-8281-426-9 | ||
| 100 | |a JHINGAN, M. L. | ||
| 245 | |a Principle of economics |c M. L. Jhingan |g Xiv, 698p | ||
| 250 | |b 4th ed. | ||
| 260 | |b Vrinda Publications |c 2012 |h New Delhi |i 689777 |i 689776 |i 691211 |i 691212 |l HB171.5 .J55 |m Economics. | ||
| 942 | |a lcc |c BK |e Kuteyi, M. A |f 21/12/2020 | ||
| 952 | |0 0 |1 0 |2 lcc |4 0 |6 HB01715 J55 |7 0 |9 1022 |a HOL |b MPL |c GJ |d 2020-12-21 |l 0 |o HB171.5 .J55 |p 2020-230244 |r 2020-12-21 00:00:00 |w 2020-12-21 |y BK | ||
| 952 | |0 0 |1 0 |2 lcc |4 0 |6 HB01715 J55 |7 0 |9 1023 |a HOL |b HOL |c GJ |d 2020-12-21 |l 0 |o HB171.5 .J55 |r 2020-12-21 00:00:00 |w 2020-12-21 |y BK | ||
| 952 | |0 0 |1 0 |2 lcc |4 0 |6 HB01715 J55 |7 0 |9 1024 |a HOL |b HOL |c GJ |d 2020-12-21 |l 0 |o HB171.5 .J55 |r 2020-12-21 00:00:00 |w 2020-12-21 |y BK | ||
| 952 | |0 0 |1 0 |2 lcc |4 0 |6 HB01715 J55 |7 0 |9 1025 |a HOL |b HOL |c GJ |d 2020-12-21 |l 0 |o HB171.5 .J55 |r 2020-12-21 00:00:00 |w 2020-12-21 |y BK | ||
| 999 | |c 528 |d 528 | ||